Statystyki dla Państwa świata według wskaźniku inflacji.

Kliknij tutaj aby rozwiązać quiz!

Ogólne statystyki

  • Ten quiz został rozwiązany 272 razy
  • Średni wynik to 4 z 15

Statystyki odpowiedzi

HintOdpowiedź% Poprawnych
9586%Wenezuela
96%
64.28%Sudan
41%
25%Iran
34%
50.3%Argentyna
33%
69%Sudan Południowy
32%
21.8%Etiopia
32%
473%Zimbabwe
30%
13.9%Zambia
21%
12.37%Turcja
21%
19.5%Haiti
20%
16.9%Angola
20%
30.55%Liberia
16%
13.5%Rwanda
16%
15.2%Uzbekistan
12%
13.09%Sierra Leone
11%

Rozkład punktacji

Percentyl według liczby udzielonych odpowiedzi

Procent ludzi z każdym wynikiem

Twoja historia wyników

Nie rozwiązałeś tego quizu